000
00215nam a22000977a 4500
082
_a
894.812
_b
RAA/S
100
_a
RAAJAN, K A
245
_a
SAMARATHEEKSHNAMAYA INNALAKALILOODE
650
_a
MALAYALAM STORY
942
_c
BK
999
_c
7715
_d
7715